Хайде за риба (Запис номер 55804)
[ съкратено ]
| 000 -Лидер | |
|---|---|
| Контролно поле с фиксирана дължина | nam a22 a 4500 |
| 003 - Код на организацията, давaща контролен номер | |
| Контролно поле | BLK |
| 005 - Дата и час на последна редакция | |
| Контролно поле | 20210204130033.0 |
| 008 - Елементи от данни с фиксирана дължина | |
| fixed length control field | 180408b bul|||||r ||||||| ||bul|| |
| 010 ## - Наследен системен номер | |
| LC control number | KNG00059779000 |
| 020 ## - Международен стандартен номер на книга ISBN | |
| Международен стандартен номер на книга ISBN | 954-308-085-2 |
| 040 ## - Източник на каталожния запис | |
| Идентификатор на билиотеката - собственик на записа | BLK |
| 041 ## - Код за език | |
| Код за езика на текст/звукозапис или на отделно заглавие | Български |
| Код за езика КДБФ | Български |
| 080 ## - УДК | |
| Текстов определител УДК | Спортен риболов |
| УДК код - определител по УДК | 799.1 |
| УДК определител | :087.5 |
| УДК - код + определител | 799.1:087.5 |
| 100 1# - Редна дума - Автор | |
| Автор | Patchett, Fiona |
| Авторска отговорност | първи автор |
| R(LIN) | 286434 |
| 139 ## - Редно поле | |
| Редна дума | Патчът, Фиона |
| Авторски знак | Пат - П 28 |
| 245 10 - Сведения за заглавието | |
| Заглавие | Хайде за риба |
| Редно поле (дума) | * Фиона Патчът; Fiona Patchett; прев. Доряна Стефанова Петрова. |
| 257 ## - Страна на издаване | |
| Страна на създаване/издаване | Великобритания |
| 260 ## - Област на издателските данни | |
| Име на издателя, разпространителя и проч. | Прес |
| Година на издаване | 2005 |
| Печатница | Пловдив : Делта+ |
| Място на издаване, разпространение и проч. | София |
| 300 ## - Физическа характеристика | |
| Страници | 32 с. |
| Илюстрации и др. | с цв. ил. |
| Размери/Мащаб | 29 см |
| 380 ## - Жанр | |
| Жанр | Детска отраслова лит. |
| 490 ## - СЕРИИ (Колекции) | |
| Име на серия | Искам всичко да знам |
| №: серия | 19 |
| 9 (RLIN) | 201509 |
| 500 ## - Общи забележки | |
| Забележка | Ориг. загл. Starting fishing / Fiona Patchett. - Съдържа и Речник на непознатите думи. - Показалец на рибарските умения |
| 650 #4 - Допълнително описание по предмет – тема | |
| Основно описание – тема или топоним | Риболов, спортен |
| 9 (RLIN) | 252401 |
| 650 #4 - Допълнително описание по предмет – тема | |
| Основно описание – тема или топоним | Въдичарство - наръчници и ръководства |
| 9 (RLIN) | 151340 |
| 653 ## - Ключова дума – ненормативна | |
| Ключова дума | риболов |
| 700 1# - Други автори (авторска отговорност) | |
| Лично име | Патчът, Фиона |
| Автороска отговорност (Описва отношението между автора и произведението) | * |
| 9 (RLIN) | 107218 |
| 700 1# - Други автори (авторска отговорност) | |
| Лично име | Петрова, Доряна Стефанова |
| Автороска отговорност (Описва отношението между автора и произведението) | прев. |
| 9 (RLIN) | 284199 |
| 852 ## - Местоположение | |
| Форматна сигнатура | Цб ІІ 13833 |
| Фондова буква | Хранилище |
| 856 4# - Електронен адрес и достъп | |
| Електронен формат | pdf - файл |
| 856 4# - Електронен адрес и достъп | |
| Електронен формат | pdf - файл |
| 999 ## - СИСТЕМНИ КОНТРОЛНИ НОМЕРА | |
| Koha biblionumber | 55804 |
| Koha biblioitemnumber | 55804 |
| 942 ## - АРТИКУЛИ | |
| Вид на библиотечния материал | Книги |
| Скрит в OPAC | Не |
| Koha issues (borrowed), all copies | 1 |
| Периодичен библиозапис | Да |
| 944 ## - СЪЗДАВАНЕ И РЕДАКЦИЯ на ЗАПИСА | |
| Създаване/Редакция | Създаване |
| Дата на регистрацията/редакция | 06.06.2006 |
| Служител, извършил регистрацията/редакцията | Цветанка_Енчева |
| 944 ## - СЪЗДАВАНЕ И РЕДАКЦИЯ на ЗАПИСА | |
| Създаване/Редакция | Редакция |
| Дата на регистрацията/редакция | 03.08.2006 |
| 999 ## - СИСТЕМНИ КОНТРОЛНИ НОМЕРА | |
| Koha biblioitemnumber | 55804 |
| Код за отписване | Код за изгубен артикул | Източник на класификационната схема | Код за повреда | Коз за рестрикции | Код за отдаване | Артикулен № | Име на библиотеката - собственик | Име на библиотеката, в която се намира в момента | Статус (Текущо местоположение) | Дата на вписване в системата | Местоположение - отдел | Цена в лева | Инвентарен номер | Систематично азбучна сигнатура | Баркод | Номер на екземпляра | Цена в евро | Служебна бележка | Служебен тип на артикула |
|---|---|---|---|---|---|---|---|---|---|---|---|---|---|---|---|---|---|---|---|
| Не е изгубен | Universal Decimal Classification | Не е повреден | само за читалня | ползва се в читалня | 87812 | Регионална библиотека "Любен Каравелов" Русе | Регионална библиотека "Любен Каравелов" Русе | Хранилище | 2006-06-06 | Хранилище | 4.00 | 120000702810 | Цб ІІ 13833 | 120000702810 | 1 | 2.05 | Дост: Dp Вид: Д N: 21 Дата: 11.05.2005 | Книги | |
| Не е изгубен | Не е повреден | без рестрикции | заемане за дома | 87813 | Регионална библиотека "Любен Каравелов" Русе | Регионална библиотека "Любен Каравелов" Русе | Детски отдел | 2006-07-28 | Детски отдел | 4.00 | 120000704023 | Д 796/799/П 28 | 120000704023 | 2 | 2.05 | Дост: Pk Вид: Ф N: 42656 Дата: 26.07.2006 Дата инв: 20.08.2015 Бележки инв: Д2015 | Книги |